000 00426nam a22001457a 4500
005 20171120111619.0
008 171120b xxu||||| |||| 00| 0 eng d
040 _cPK-LaUMT
082 _aPKAC 297.0917671
_bKHA-A
100 _aKhalil Ahmed Hamdi
245 _aAlam e Islam aur uskay masail wa afkar/
_cKhalil Ahmed Hamdi
260 _aلاہور:
_bاسلامک پبلیکیشنز،
_c1969
300 _a384 ص
942 _cBK
999 _c100133
_d100133